| 000 | 01146nam a22002417a 4500 | ||
|---|---|---|---|
| 999 |
_c1566 _d1566 |
||
| 003 | AR-CdUCM | ||
| 008 | 190227b ||||| |||| 00| 0 spa d | ||
| 020 | _a9683670032 | ||
| 040 |
_aMUNICIPALIDAD PROVINCIAL DEL CUSCO _cBIBLIOTECA MUNICIPAL DEL CUSCO |
||
| 082 |
_23ed. _a726.09 / _bV32 |
||
| 100 |
_aVargas Lugo, Elisa _95870 |
||
| 245 |
_aLa iglesia de santa Prisca de Taxco / _cElisa Vargas Lugo |
||
| 260 |
_aMexico, D. F : _bUniversidad Nacional Autónoma de México, Instituto Investigaciones Estéticas, _c1999. |
||
| 300 |
_a553 paginas ; _bFotografias. _c26 cm. |
||
| 505 | _aDon José de ka Borda y la construcción de la iglesia -- Estudio artístico religioso -- análisis formal e iconografico de la arquitectura y su ornamentación -- Análisis iconografico de los retablos -- El tratamiento de los temas religiosos -- Algunos muebles y esculturas valiosas del templo ... | ||
| 650 |
_aIglesia de Santa Prisca _95871 |
||
| 650 |
_aIglesia _91428 |
||
| 650 |
_aOrnamentación _95872 |
||
| 650 |
_aIconografia _9654 |
||
| 710 |
_aUniversidad Nacional Autonoma, (México) _95873 |
||
| 942 |
_2ddc _cLIBROS |
||
| 945 |
_aacv _d2019-02-27 |
||